000 00672nam a2200265Ia 4500
001 AUWbook000480
003 BDCtgAUW
005 20260406154848.0
008 220908s9999 xx 000 0 eng d
020 _a0072480033
040 _aBDCtgAUW
_cBDCtgAUW
050 _aPE1408.L3182
100 1 _aLangan, John.
245 0 _aEnglish skills with readings.
250 _aFifth edition.
260 _aBoston :
_bMcGraw-Hill,
_c2002.
650 0 _aCollege readers.
650 0 _aEnglish language.
650 0 _aEnglish language
_vGrammar.
650 0 _aEnglish language
_xRhetoric.
_972898
887 _a BRAC
_22982
888 _22982
942 _cBK
_09
945 _cBK
999 _c16681
_d16681